Mechanical Vibrations (Record no. 4372)
[ view plain ]
| 000 -LEADER | |
|---|---|
| fixed length control field | 00352nam a2200145Ia 4500 |
| 008 - FIXED-LENGTH DATA ELEMENTS--GENERAL INFORMATION | |
| fixed length control field | 191201s2010 xx 000 0 und d |
| 082 ## - DEWEY DECIMAL CLASSIFICATION NUMBER | |
| Classification number | 620.3 |
| Item number | SIM |
| 100 ## - MAIN ENTRY--PERSONAL NAME | |
| Personal name | SINGH, V. P |
| 245 #0 - TITLE STATEMENT | |
| Title | Mechanical Vibrations |
| 250 ## - EDITION STATEMENT | |
| Edition statement | rev. |
| 260 ## - PUBLICATION, DISTRIBUTION, ETC. (IMPRINT) | |
| Place of publication, distribution, etc | Dehli |
| Name of publisher, distributor, etc | Dhanpat Rai Pubns (P) Ltd |
| Date of publication, distribution, etc | 2010 |
| 300 ## - PHYSICAL DESCRIPTION | |
| Extent | 516+11 |
| 650 ## - SUBJECT ADDED ENTRY--TOPICAL TERM | |
| Topical term or geographic name as entry element | B.Tech(ME) |
| 942 ## - ADDED ENTRY ELEMENTS (KOHA) | |
| Source of classification or shelving scheme | Dewey Decimal Classification |
| Koha item type | Text Books |
| 942 ## - ADDED ENTRY ELEMENTS (KOHA) | |
| -- | 8 |
| Withdrawn status | Lost status | Source of classification or shelving scheme | Damaged status | Not for loan | Collection code | Home library | Current library | Date acquired | Source of acquisition | Cost, normal purchase price | Bill Number | Total Checkouts | Full call number | Acc. no. / Barcode | Date last seen | Date last borrowed | Bill Date | Koha item type | Checked out |
|---|---|---|---|---|---|---|---|---|---|---|---|---|---|---|---|---|---|---|---|
| Dewey Decimal Classification | B.Tech(ME) | PIET C-LIBRARY | PIET C-LIBRARY | 03/02/2010 | J B C, New Delhi | 170.00 | SI 4430 | 2 | 620.3 SIM | 14664 | 23/12/2020 | 16/12/2020 | 01/02/2010 | Text Books | |||||
| Dewey Decimal Classification | B.Tech(ME) | PIET C-LIBRARY | PIET C-LIBRARY | 03/02/2010 | J B C, New Delhi | 170.00 | SI 4430 | 1 | 620.3 SIM | 14665 | 27/10/2020 | 27/10/2020 | 01/02/2010 | Text Books | 10/11/2020 | ||||
| Dewey Decimal Classification | B.Tech(ME) | PIET C-LIBRARY | PIET C-LIBRARY | 03/02/2010 | J B C, New Delhi | 170.00 | SI 4430 | 620.3 SIM | 14666 | 04/12/2019 | 01/02/2010 | Text Books | |||||||
| Dewey Decimal Classification | B.Tech(ME) | PIET C-LIBRARY | PIET C-LIBRARY | 03/02/2010 | J B C, New Delhi | 170.00 | SI 4430 | 7 | 620.3 SIM | 14667 | 09/01/2024 | 08/01/2024 | 01/02/2010 | Text Books | |||||
| Dewey Decimal Classification | B.Tech(ME) | PIET C-LIBRARY | PIET C-LIBRARY | 03/02/2010 | J B C, New Delhi | 170.00 | SI 4430 | 1 | 620.3 SIM | 14668 | 27/10/2020 | 27/10/2020 | 01/02/2010 | Text Books | 10/11/2020 |